| 000 | 00805nam a2200241 u 4500 | ||
|---|---|---|---|
| 005 | 20210223131049.0 | ||
| 008 | 090804s2006 r 000 0 eng d | ||
| 020 | _a8446023768 (10 digitos) | ||
| 020 | _a9788446023760 (13 digitos) | ||
| 035 | _aUPN01000171717 | ||
| 049 | _aI | ||
| 050 | 4 |
_aPZ78 _bV3.3 |
|
| 100 | 1 | _aValpierre | |
| 245 | 1 | 3 |
_aEl cantar de Roldán / _cValpierre ; il. Alain Corbel ; tr. Josefina Careaga. |
| 260 |
_aMadrid : _bAkal, _c2006. |
||
| 300 |
_a127 p. : _bil. |
||
| 440 | 0 |
_aPara descubrir a los clásicos ; _v15 |
|
| 500 | _a"Una lectura con juegos para descubrir a los clásicos" | ||
| 534 |
_pTitulo original: _tLa chanson de Roland |
||
| 650 | 4 |
_aLIBROS Y LECTURA PARA LA JUVENTUD _910549 |
|
| 650 | 4 |
_aEDAD MEDIA - _vLITERATURA INFANTIL _911232 |
|
| 905 | _aInfantil | ||
| 999 |
_c143821 _d143821 |
||